00379nam a2200133Ia 450000500170000000800410001702000180005808200210007610000210009724500560011826000270017430000110020165000330021220250417114842.0231217s9999 xx 000 0 und d a9788131406076 a338.02 LAH;1 R aLahiri, Keka ed. 0aSmall scale industries : performance and challenges c2007bIcfaiaHyderabad av, 196 ascale,industries,performance